000 00293nam a2200133 i 4500
001 bg
100 1 _aPERWIN, Ju. A.
245 0 _aOsnowy fortrana /
_cJu.A. Perwin.
260 _aMoskwa,
_c1972.
040 _cBPK
041 _apol
942 _cKS
008 s pl f |000 0 pol
999 _c14776
_d14776
856 _uhttp://koha.tu.koszalin.pl/cgi-bin/koha/opac-detail.pl?biblionumber=14776
_yKatalog online BPK